000 01147nam a2200265 a 4500
001 79237
003 BD-RjUL
005 20220120130344.0
008 080326s1995 vau 000 0 ara d
020 _a1565642023
035 _a(BD-RjUL)79237
040 _aNNL
_cBD-RjUL
_beng
041 0 _aara
082 _223
_a297.1978092
_bALI 1995
100 1 _aالعلواني، طه جابر فياض، ;; Al-Alwani, Taha Jaber Fayadh,
_d1935-
_9846
245 1 0 _aابن تيمية واسلامية المعرفة ;; ibn taymiat waslamiat almaerifat /
_cطه جابر العلواني.
250 _aالطبعة الثانية
260 _aهيرندن (فيرجينيا) :
_bالمعهد العالمي للفكر الاسلامي،
_c١٩٩٥م ١٤١٥هج.
300 _a٨٣ص.
490 1 _aسلسلة اسلامية المعرفة ؛
_v١٣
600 1 4 _aابن تيمية، احمد بن عبد الحليم، ;; Ibn Taymiyyah, Ahmad Ibn Abd al-Halim,
_d1263-1328
_9847
710 2 _aالمعهد العالمي للفكر الاسلامي
_9848
830 0 _aسلسلة اسلامية المعرفة ;
_v١٣.
_9583
942 _2ddc
_cBK
999 _c79237
_d79237